Welcome to the Holygrace Academy Library

Please use search bar below to get started

THE BRETHREN (Record no. 2387)

MARC details
000 -LEADER
fixed length control field 00518nam a22001457a 4500
020 ## - INTERNATIONAL STANDARD BOOK NUMBER
ISBN 0-09-928025-6
082 ## - DEWEY DECIMAL CLASSIFICATION NUMBER
Classification number 823
Item number GRI/B
100 ## - MAIN ENTRY--AUTHOR NAME
Personal name GRISHAM,JOHN
245 ## - TITLE STATEMENT
Title THE BRETHREN
260 ## - PUBLICATION, DISTRIBUTION, ETC. (IMPRINT)
Place of publication LONDON
Name of publisher ARROW BOOOKS
300 ## - PHYSICAL DESCRIPTION
Number of Pages 366
520 ## - SUMMARY, ETC.
Summary, etc The "Brethren" are three former judges who are incarcerated at Trumble, a fictional federal minimum security prison located in northern Florida. The trio embark on a scam to deceive and exploit wealthy closeted gay men.
650 ## - SUBJECT ADDED ENTRY--TOPICAL TERM
Topical Term NOVEL,ENGLISH
Geographic subdivision LONDON
942 ## - ADDED ENTRY ELEMENTS (KOHA)
Koha item type Books
Holdings
Withdrawn status Lost status Collection code Home library Current library Shelving location Date acquired Source of acquisition Full call number Accession Number Koha item type
    Fiction Main Library Main Library SHELF-2-D ENGLIAH NOVELS FOR TEACHERS 12/02/2005 PURCHASE 823 GRI/B 01530 Books